000 00566nam a2200193 u 4500
001 000025085
005 20200930023545.0
008 110209s1992 xxu r 000 0 eng d
020 _a0451171691
040 _aDO-SdBNP
_beng
_cBNPHU
082 _ann*
_bnn*
100 1 _aDolan, Charlotte Louise.
_951476
245 1 3 _aThe resolute runaway /
_cCharlotte Louise Dolan.
260 _aEstados Unidos de América :
_bPenguin Books,
_c1992.
300 _a220 p. ;
_c18 cm.
490 1 _aSignet regency romance
830 0 _aSignet regency romance
_96777
049 _aBNGR
999 _c24578
_d24578